"Κειμένη επί ακτής θαλάσσης" : μελέτες και άρθρα για την Εβραϊκή Κοινότητα της Θεσσαλονίκης
Αποθηκεύτηκε σε:
| Κύριος συγγραφέας: | |
|---|---|
| Μορφή: | Βιβλίο |
| Γλώσσα: | Greek |
| Δημοσίευση: |
Θεσσαλονίκη :
University Studio Press, Έκφραση,
1997
|
| Σειρά: | Ιστορία και πολιτισμός (University Studio Press)
; 5 |
| Θέματα: | |
| Ετικέτες: |
Προσθήκη ετικέτας
Δεν υπάρχουν, Καταχωρήστε ετικέτα πρώτοι!
|
MARC
| LEADER | 00000cam a2200000 i 4500 | ||
|---|---|---|---|
| 001 | 1/12443 | ||
| 008 | 980112s1997 gr | ||| |||| ||gre|| | ||
| 020 | |a 9601205861 | ||
| 035 | |1 ΠΑΡ |a 1997 |b 06/12 |c ΧΡΥΣΑΝΘΟΠΟΥΛΟΥ |l 10018633 | ||
| 040 | |a GR-MY-UA |b gre |e aacr | ||
| 041 | 0 | |a gre | |
| 082 | 7 | |a 305.89240495 |2 (22) | |
| 100 | 1 | |a Ναρ, Αλμπέρτος, |d 1947-2005. | |
| 245 | 1 | 0 | |a "Κειμένη επί ακτής θαλάσσης" : |b μελέτες και άρθρα για την Εβραϊκή Κοινότητα της Θεσσαλονίκης / |c Αλμπέρτος Ναρ. |
| 260 | |a Θεσσαλονίκη : |b University Studio Press, |b Έκφραση, |c 1997 | ||
| 490 | 1 | |a (Ιστορία και πολιτισμός / University Studio Press ; |v 5) | |
| 650 | 0 | 0 | |a Jews |z Greece |z Thessalonike |x History. |
| 650 | 0 | 0 | |a Jewish community centers |z Greece |z Thessalonike. |
| 830 | 0 | |a Ιστορία και πολιτισμός (University Studio Press) |v ; 5 | |
| 852 | |a INST |b LESVOS |e 19980112 |h 305.89240495 ΝΑΡ |p 005100015091 |q 005100015091 |t BK |y 0 | ||
| 909 | |a Λ |b 052802 | ||
| 922 | |a 1ΕΛΗ |b 199711 |c ΚΠΣ/ΤΚΑ | ||
| 950 | |a 153-1997-06-30 | ||
| 970 | |a ΑΙΒΑΤΖΙΔΟΥ |b ΕΛΕΝΗ |z 2000/02/09 | ||